15 Best Countries in Environmental Performance - Statistics

General Stats
  • This quiz has been taken 138 times
  • The average score is 10 of 15
Answer Stats
rank Top 15 Countries score % Correct
1 Finland 90.68
93%
3 Sweden 90.43
93%
4 Denmark 89.21
90%
2 Iceland 90.51
84%
10 France 88.20
81%
11 New Zealand 88.00
78%
6 Spain 88.91
76%
13 Australia 87.22
72%
7 Portugal 88.63
72%
12 United Kingdom 87.38
68%
8 Estonia 88.59
59%
14 Singapore 87.04
46%
5 Slovenia 88.98
44%
15 Croatia 86.98
43%
9 Malta 88.48
38%
No matching quizzes found
Score Distribution
Percent of People with Each Score
Percentile by Number Answered
Your Score History
You have not taken this quiz